Human senses Οι ανθρώπινες αισθήσεις : η πλήρης σειρά.
"Οι αισθήσεις μας καθοδηγούν, μας προφυλάσσουν και μας κατευθύνουν προς την προσωπική μας ευχαρίστηση. Αλλά πόσο ευαίσθητες και πόσο ακριβείς είναι; Πως λειτουργούν και γιατί τις χρειαζόμαστε; Παρακολουθήστε έναν εθελοντή ερευνητή καθώς δοκιμάζει τα όρια των ανθρώπινων αισθήσεων. Μια ευχάριστη...
Αποθηκεύτηκε σε:
| Μορφή: | |
|---|---|
| Γλώσσα: | English Greek Romanian Bulgarian |
| Δημοσίευση: |
[S.l.] : Αθήνα :
BBC, Prooptiki [Εταιρεία διανομής],
c2003.
|
| Θέματα: | |
| Ετικέτες: |
Προσθήκη ετικέτας
Δεν υπάρχουν, Καταχωρήστε ετικέτα πρώτοι!
|
MARC
| LEADER | 00000cgm a2200000 i 4500 | ||
|---|---|---|---|
| 001 | 1/12445 | ||
| 008 | 110315s2003####xx ||| | || ||eng|| | ||
| 035 | |l 10109791 | ||
| 040 | |a GR-MY-UA |b gre |e aacr | ||
| 041 | 0 | |a eng |j gre |j rum |j bul | |
| 082 | 0 | |a 612.8 |2 (22) | |
| 245 | 1 | 0 | |a Human senses |h [μαγνητοσκόπηση] = |b Οι ανθρώπινες αισθήσεις : η πλήρης σειρά. |
| 246 | 1 | |i Παράλληλος τίτλος: |a Οι ανθρώπινες αισθήσεις |h [μαγνητοσκόπηση] : |b η πλήρης σειρά | |
| 260 | |a [S.l.] : |a Αθήνα : |b BBC, |b Prooptiki [Εταιρεία διανομής], |c c2003. | ||
| 300 | |a 1 βιντεοδίσκος (151 λεπτ.); |b ομίλ., έγχρ.; |c 4 3/4 ίν. | ||
| 500 | |a Στα αγγλικά με ελληνικούς υπότιτλους. | ||
| 505 | 0 | |a 1. Γεύση και όσφρηση2. Ακοή και ισορροπία3. Αφή και όραση. | |
| 508 | |a Εκτέλεση παραγωγής: Jessica Cecil, πρωτότυπη μουσική: Ty Unwin. | ||
| 520 | |a "Οι αισθήσεις μας καθοδηγούν, μας προφυλάσσουν και μας κατευθύνουν προς την προσωπική μας ευχαρίστηση. Αλλά πόσο ευαίσθητες και πόσο ακριβείς είναι; Πως λειτουργούν και γιατί τις χρειαζόμαστε; Παρακολουθήστε έναν εθελοντή ερευνητή καθώς δοκιμάζει τα όρια των ανθρώπινων αισθήσεων. Μια ευχάριστη και άκρως αποκαλυπτική σειρά ντοκιμαντέρ, που ερευνά μια-μια όλες τις αισθήσεις τόσο αναλυτικά, που θα τις δείτε πλέον... με άλλο μάτι!". Περίληψη από τη θήκη. | ||
| 650 | 0 | 0 | |a Documentary films. |
| 650 | 0 | 0 | |a Senses and sensation. |
| 852 | |a INST |b SYROS |c AV |e 20110315 |h 612.8 HUM |p 005500009282 |q 005500009282 |t DVD |y 23 | ||
| 901 | |a BIBL5-2008-1 | ||
| 909 | |a Ε |b 165459 | ||
| 922 | |a 5ΕΛΗ |b 200709 |c Βιβλιοθήκη Σύρου |d Anaco | ||
| 970 | |a Κοντού |b Παρασκευή |z 2011/03/15 | ||